Quick Pick: DiCaprio Movies Quiz Stats

 Plays Quiz Updated Nov 8, 2017

Challenge
Share
Tweet
Embed
Score 0/12 Timer 01:00
1 Play Today
% Correct
Juliet
99.1%
Me
98.9%
Man
98.8%
Wall
98.6%
York
98.6%
Gatsby
97.9%
Dead
97.1%
Diamond
97.1%
Django
96.9%
Grape
96.5%
Revenant
96.3%
Shutter
96.2%

Today's Daily Dose

You're not logged in!

Compare scores with friends on all Sporcle quizzes.
Join for Free
OR
Log In

You Might Also Like...

Show Comments

Extras

Top Quizzes Today


Score Distribution

Your Account Isn't Verified!

In order to create a playlist on Sporcle, you need to verify the email address you used during registration. Go to your Sporcle Settings to finish the process.

Report this User

Report this user for behavior that violates our Community Guidelines.

Details: